Autentico ballo liscio N.1 (L') - Lp Ox/3011 (Record n. 102369)
[ formato base ]
| 000 -LEADER | |
|---|---|
| fixed length control field | 02361njm a2200409Ia 4500 |
| 001 - CONTROL NUMBER | |
| control field | 23843 |
| 003 - CONTROL NUMBER IDENTIFIER | |
| control field | IT-RoPAU |
| 005 - DATE AND TIME OF LATEST TRANSACTION | |
| control field | 20220918181154.0 |
| 008 - FIXED-LENGTH DATA ELEMENTS--GENERAL INFORMATION | |
| fixed length control field | 131025s9999 xx 000 0 und d |
| 040 ## - CATALOGING SOURCE | |
| Original cataloging agency | IT-RoPAU |
| 040 ## - CATALOGING SOURCE | |
| Transcribing agency | IT-RoPAU |
| 999 ## - SYSTEM CONTROL NUMBERS (KOHA) | |
| Koha Dewey Subclass [OBSOLETE] | n.d. |
| 100 ## - MAIN ENTRY--PERSONAL NAME | |
| Personal name | AA.VV. |
| 9 (RLIN) | 794 |
| 100 ## - MAIN ENTRY--PERSONAL NAME | |
| Relator term | Autore musica |
| 9 (RLIN) | 6535 |
| 100 ## - MAIN ENTRY--PERSONAL NAME | |
| Miscellaneous information | Codice autore musica SPICS: 12000 |
| 9 (RLIN) | 796 |
| 245 ## - TITLE STATEMENT | |
| Title | Autentico ballo liscio N.1 (L') - Lp Ox/3011 |
| 250 ## - EDITION STATEMENT | |
| Edition statement | 1a ed. |
| 260 ## - PUBLICATION, DISTRIBUTION, ETC. (IMPRINT) | |
| Place of publication, distribution, etc. | MILANO |
| 260 ## - PUBLICATION, DISTRIBUTION, ETC. (IMPRINT) | |
| Name of publisher, distributor, etc. | OXFORD RECORD |
| Date of publication, distribution, etc. | 1976 [1a Ed.:1976] |
| 300 ## - PHYSICAL DESCRIPTION | |
| Extent | DISCO |
| 300 ## - PHYSICAL DESCRIPTION | |
| Dimensions | 40 minuti (Testo: pag.) |
| 500 ## - GENERAL NOTE | |
| General note | Musica da ballo: valzer, polka, mazurka, tango, machiche scottish |
| 505 ## - FORMATTED CONTENTS NOTE | |
| Formatted contents note | Caminito (3:00) - El chocio (3:00) - Tico tico (3:00) - Delicado (3:00) - Gazzellina (2:00) - Burlesca (2:00) - Serenata a dispetto (5:00) - Organino paesano, cuccagna - Buona sera - Gita torinese - Serenata a dispetto, gazzellina - Valzer di mezzanotte - Organino paesano - Voli là - Lucciole vagabonde - Polka paesana - Notte di Toledo - Cesarina - Agilmente - Vecchia Napoli |
| 511 ## - PARTICIPANT OR PERFORMER NOTE | |
| Participant or performer note | Complesso Ambrosiano Pinotti-Carluccio |
| 650 ## - SUBJECT ADDED ENTRY--TOPICAL TERM | |
| Topical term or geographic name as entry element | BALLO [DISCHI] |
| Relator term | Codice MATERIA SPICS: 9950 |
| 9 (RLIN) | 6536 |
| 700 ## - ADDED ENTRY--PERSONAL NAME | |
| Personal name | Filiberto Juan Dios |
| Dates associated with a name | Codice autore musica SPICS: 15731 |
| Relator term | Autore musica |
| Name of part/section of a work | Caminito |
| 9 (RLIN) | 6537 |
| 700 ## - ADDED ENTRY--PERSONAL NAME | |
| Personal name | Willoldo |
| Dates associated with a name | Codice autore musica SPICS: 26012 |
| Relator term | Autore musica |
| Name of part/section of a work | El chocio |
| 9 (RLIN) | 6538 |
| 700 ## - ADDED ENTRY--PERSONAL NAME | |
| Personal name | Abrau |
| Dates associated with a name | Codice autore musica SPICS: 26013 |
| Relator term | Autore musica |
| Name of part/section of a work | Tico tico |
| 9 (RLIN) | 6539 |
| 700 ## - ADDED ENTRY--PERSONAL NAME | |
| Personal name | Azevedo Dermi |
| Dates associated with a name | Codice autore musica SPICS: 2609 |
| Relator term | Autore musica |
| Name of part/section of a work | Delicado |
| 9 (RLIN) | 6540 |
| 700 ## - ADDED ENTRY--PERSONAL NAME | |
| Personal name | Pinotti |
| Dates associated with a name | Codice autore musica SPICS: 26014 |
| Relator term | Autore musica |
| Name of part/section of a work | Gazzellina - Burlesca - Organino paesano, cuccagna - Gita torinese - Serenata a dispetto, gazzellina - Notte di Toledo - Vecchia Napoli |
| 9 (RLIN) | 6541 |
| 700 ## - ADDED ENTRY--PERSONAL NAME | |
| Personal name | Berlusconi |
| Dates associated with a name | Codice autore musica SPICS: 26015 |
| Relator term | Autore musica |
| Name of part/section of a work | Serenata a dispetto - Buona sera - Organino paesano - Polka paesana - Agilmente |
| 9 (RLIN) | 6542 |
| 700 ## - ADDED ENTRY--PERSONAL NAME | |
| Personal name | Amodio |
| Dates associated with a name | Codice autore musica SPICS: 26016 |
| Relator term | Autore musica |
| Name of part/section of a work | Valzer di mezzanotte |
| 9 (RLIN) | 6543 |
| 700 ## - ADDED ENTRY--PERSONAL NAME | |
| Personal name | Bircus |
| Dates associated with a name | Codice autore musica SPICS: 26017 |
| Relator term | Autore musica |
| Name of part/section of a work | Voli là |
| 9 (RLIN) | 6544 |
| 700 ## - ADDED ENTRY--PERSONAL NAME | |
| Personal name | Bixio Cesare Andrea |
| Dates associated with a name | Codice autore musica SPICS: 13441 |
| Relator term | Autore musica |
| Name of part/section of a work | Lucciole vagabonde |
| 9 (RLIN) | 6545 |
| 700 ## - ADDED ENTRY--PERSONAL NAME | |
| Personal name | Pezzolo |
| Dates associated with a name | Codice autore musica SPICS: 18091 |
| Relator term | Autore musica |
| Name of part/section of a work | Cesarina |
| 9 (RLIN) | 6546 |
| 942 ## - ADDED ENTRY ELEMENTS (KOHA) | |
| Koha item type | DISCHI |
| Source of classification or shelving scheme | Dewey Decimal Classification |
| Withdrawn status | Lost status | Damaged status | Not for loan | Home library | Current library | Date acquired | Total Checkouts | Full call number | Date last seen | Price effective from | Koha item type | Public note |
|---|---|---|---|---|---|---|---|---|---|---|---|---|
| Buone Condizioni | Not For Loan | SPICS-MEDIATECA | SPICS-MEDIATECA | 25/10/2013 | 23843 | 25/10/2013 | 25/10/2013 | DISCHI | Progr. Ins.: 4690 / N.Vol.: 1 / Copie: 1 - Copia rara: n.d. / date import: 01.01.2014 - By Epidotti, Trombetti, Vaglietti |